Tennis - Le top 20 du classement ATP au 1er janvier 2024 - Statistiques

Statistiques générales
  • Ce quiz a été pris 41 fois
  • Le résultat moyen est 17 sur 20
Statistiques - réponses
Rang Joueur Pays Âge Points % Correct
2 Carlos Alcaraz Espagne 20 8 855
100%
3 Daniil Medvedev Russie 27 7 600
100%
4 Jannik Sinner Italie 22 6 490
100%
1 Novak Djokovic Serbie 36 11 245
100%
6 Stefanos Tsitsipas Grèce 25 4 235
100%
11 Casper Ruud Norvège 25 2 825
97%
8 Holger Rune Danemark 20 3 660
97%
7 Alexander Zverev Allemagne 26 3 985
94%
5 Andrey Rublev Russie 26 4 805
94%
14 Grigor Dimitrov Bulgarie 32 2 570
91%
12 Alex de Minaur Australie 24 2 740
89%
16 Frances Tiafoe États-Unis 25 2 310
86%
17 Ben Shelton États-Unis 21 2 145
83%
9 Hubert Hurkacz Pologne 26 3 245
83%
20 Ugo Humbert France 25 1 765
83%
10 Taylor Fritz États-Unis 26 3 100
77%
18 Cameron Norrie Royaume-Uni 28 1 940
74%
15 Karen Khachanov Russie 27 2 520
74%
13 Tommy Paul États-Unis 26 2 665
69%
19 Nicolas Jarry Chili 28 1 810
49%
Aucun quiz correspondant
Distribution des résultats
% des personnes avec chaque résultat
Percentile par nombre de réponses
Votre historique - résultats
Vous n’avez pas pris ce quiz